000 00408cam a2200157ua 4500
003 OSt
008 241223b |||||||| |||| 00| 0 eng d
041 _aeng
082 _a621.3132
_bFRE/WO
100 _aFreeman, P.J .
_96547
245 _aWorked examples in direct current for engineering students /
250 _a1 /
260 _a :
_bAsia Publishing House ,
_c1966.
300 _a138 ; .
942 _cBK
999 _c1972
_d1972